000
00325nam a22001457a 4500
003
SGT
020
_a
978-81-265-5412-6
082
_a
612
_b
A15T
100
_a
TORTORA, GERARD.J
245
_a
ANATOMY & PHYSIOLOGY (WORK BOOK)
260
_a
NEW DELHI
_b
WILEY
_c
2015
300
_a
226
650
_a
PHARMACY
942
_2
ddc
_c
BK
_0
2
999
_c
11149
_d
11149